000
00344nam a2200145Ia 4500
008
150201s2009 xx 000 0 und d
082
_a
617.6
_b
O09K
100
_a
KUMAR, G.S.
245
_a
ORBANS ORAL HISTOLOGY AND EMBRYOLOGY
250
_a
12TH
260
_b
ELSEVIER
_a
DELHI
_c
2009
300
_a
1-363
650
_a
DENTISTRY
942
_2
ddc
_c
BK
999
_c
239
_d
239